000 00830nam a22002057a 4500
003 BD-DhUL
005 20210912111005.0
008 210825s1999 bg a|||| |||| 00| 0 be
020 _a9845550107 (hbk)
040 _aBD-DhUL
_cBD-DhUL
082 _a700.92
_bCHG
100 1 _aচৌধুরী, কবীর
245 0 0 _aগয়্যা /
_cকবীর চৌধুরী ।
260 _aঢাকা :
_bবাংলাদেশ শিল্পকলা একাডেমী,
_c১৯৯৯ ।
300 _a৮০ পৃ. :
_bসম্মুখ চিত্র, চিত্র (কিছু রঙিন) ;
_c২২ সেমি.
365 _aBDT
_b100.00
600 4 _aগয়্যা, ফ্রান্সিসকো
_xজীবনী ।
600 4 _aGoya Francisco
_xBiography.
942 _2ddc
_cBK
999 _c254298
_d254298